Ομιλίαι διδακτικαί και παιδαγωγικαί

Αποθηκεύτηκε σε:
Λεπτομέρειες βιβλιογραφικής εγγραφής
Κύριος συγγραφέας: Κωστουράκης, Κωνσταντίνος Α.
Μορφή: Βιβλίο
Γλώσσα:Greek
Δημοσίευση: Χανιά : [χ.ό.], 1966
Θέματα:
Ετικέτες: Προσθήκη ετικέτας
Δεν υπάρχουν, Καταχωρήστε ετικέτα πρώτοι!

MARC

LEADER 00000cam a2200000 i 4500
001 1/95822
008 081020s1966 gre d
035 |l 10101046 
040 |a GR-MY-UA  |b gre  |e aacr 
041 0 |a gre 
082 0 |a 370.1  |2 (22) 
100 1 |a Κωστουράκης, Κωνσταντίνος Α. 
245 1 0 |a Ομιλίαι διδακτικαί και παιδαγωγικαί /  |c υπό Κωνσταντίνου Αντ. Κωστουράκη 
260 |a Χανιά :   |b [χ.ό.],   |c 1966 
300 |a 285 σ.;  |c 21 εκ. 
521 |a "Διά διδασκάλους και γονείς" 
650 0 0 |a Parent and child. 
650 0 0 |a Education, Elementary  |x Parent participation. 
650 0 0 |a Education  |x Aims and objectives. 
650 0 0 |a Child development  |x Sociological aspects. 
650 0 0 |a Teaching  |x Philosophy. 
852 |a INST  |b RHODES  |c AKA  |e 20081020  |h  370.1 ΚΩΣ  |p 005400030952  |q 005400030952  |t BK  |y 0 
901 |a BIBL4-2008-3 
909 |a Ρ  |b 153451 
970 |a ΧΑΡΙΟΠΟΛΙΤΟΥ  |b ΚΩΝΣΤΑΝΤΙΝΑ  |z 2008/10/20